| 000 | 00724nam0a22002411 4500 | ||
|---|---|---|---|
| 001 | rc\917937 | ||
| 005 | 20250622042610.0 | ||
| 035 | _a(NLR Aleph) 006092204 | ||
| 090 |
_a5171075 _c5171075 |
||
| 100 | _a20041129d1982 |||y0rusy50 ca | ||
| 101 | 0 | _arus | |
| 102 | _aRU | ||
| 105 | _ay ||||||||| | ||
| 200 | 1 | _aКультурно-просветительная работа в Узбекской ССР (1959-1977) | |
| 210 |
_aТашкент _cФан _d1982 |
||
| 215 |
_a208 с. _d22 |
||
| 300 | _aВ надзаг.: Ташк. гос. ин-т культуры | ||
| 700 | 1 |
_aБердиев _bШ. _gШади |
|
| 801 | 0 |
_aRU _bNLR _gpsbo |
|
| 801 | 1 |
_aRU _bELAR _2rusmarc |
|
| 852 |
_aNLR _j82-5/6441 |
||
| 942 | _cBOOK | ||
| 980 | _aNB | ||